000 01052nam2a2200205 4500
001 RU\NLR\PER_A\003156246_001670
005 20250626095443.0
035 _a(NLR Aleph) 011598299
090 _a10874074
_c10874074
100 _a20180119d2017 |||y0rusy50 ca
101 0 _arus
102 _aRU
200 0 _a2017, № 12 (90)
210 _d2017
_aБ. м.
461 0 _1001RU\NLR\Per\688434
_12001#$aРадиочастотный спектр$eиздание Федерального государственного унитарного предприятия "Главный радиочастотный центр"$v2017, № 12 (90)
_93056257
_cМосква
_d2010 -
_nГлавный радиочастотный центр
_oиздание Федерального государственного унитарного предприятия "Главный радиочастотный центр"
_tРадиочастотный спектр
_v2017, № 12 (90)
852 _aNLR
_jП11/5650
942 _cISSUE
980 _aNB
980 _aRUSPER